World Rally Championship: All Event Winners - Statistics

General Stats
  • This quiz has been taken 582 times
    107 since last reset
  • The average score is 29 of 81
Answer Stats
Country Events won Driver % Correct
France 80 Sébastien Loeb
91%
France 66 Sébastien Ogier
91%
Estonia 22 Ott Tänak
87%
Spain 26 Carlos Sainz
83%
United Kingdom 25 Colin McRae
83%
Belgium 21 Thierry Neuville
80%
Finland 17 Kalle Rovanperä
76%
Sweden 1 Oliver Solberg
75%
Norway 13 Petter Solberg
75%
Finland 24 Tommi Mäkinen
75%
Finland 1 Harri Rovanperä
72%
Finland 4 Timo Mäkinen
72%
Finland 30 Marcus Grönholm
71%
United Kingdom 10 Richard Burns
68%
Finland 23 Juha Kankkunen
64%
United Kingdom 11 Elfyn Evans
61%
Finland 18 Jari-Matti Latvala
59%
Germany 14 Walter Röhrl
59%
Spain 3 Dani Sordo
57%
France 20 Didier Auriol
56%
Finland 10 Ari Vatanen
55%
Italy 17 Miki Biasion
51%
Finland 19 Markku Alén
49%
Finland 15 Mikko Hirvonen
49%
Sweden 11 Stig Blomqvist
49%
Estonia 5 Markko Märtin
48%
Finland 3 Henri Toivonen
47%
Finland 11 Timo Salonen
44%
Finland 2 Esapekka Lappi
43%
Norway 3 Andreas Mikkelsen
41%
New Zealand 1 Hayden Paddon
41%
United Kingdom 5 Kris Meeke
41%
Italy 7 Sandro Munari
41%
France 4 Michele Mouton
40%
Finland 18 Hannu Mikkola
39%
Sweden 16 Björn Waldegård
36%
Germany 1 Armin Schwarz
35%
France 4 François Delecour
35%
Sweden 6 Kenneth Eriksson
35%
France 7 Gilles Panizzi
32%
Belgium 1 François Duval
31%
Norway 1 Mads Østberg
29%
Sweden 2 Mikael Ericsson
28%
France 2 Philippe Bugalski
23%
France 7 Bernard Darniche
21%
Spain 1 Jesús Puras
20%
France 5 Jean-Pierre Nicolas
19%
Kenya 5 Shekhar Mehta
19%
France 3 Jean Ragnotti
17%
Italy 1 Piero Liatti
17%
Portugal 1 Joaquim Moutinho
16%
Argentina 1 Jorge Recalde
16%
France 1 Guy Fréquelin
15%
Kenya 1 Ian Duncan
15%
Japan 2 Kenjiro Shinozuka
15%
Italy 1 Andrea Aghini
13%
France 2 Bruno Saby
13%
France 3 Jean-Claude Andruet
13%
Finland 1 Kyösti Hämäläinen
13%
Sweden 1 Ove Andersson
13%
Sweden 1 Per Eklund
13%
Canada 1 Walter Boyce
13%
Austria 1 Franz Wittmann
12%
Italy 1 Gianfranco Cunico
12%
Sweden 2 Ingvar Carlsson
12%
France 5 Jean-Luc Thérier
12%
Germany 2 Achim Warmbold
11%
Italy 1 Antonio Fassina
11%
Kenya 2 Joginder Singh
11%
Sweden 2 Mats Jonsson
11%
United Kingdom 1 Roger Clark
11%
France 1 Alain Oreille
9%
Sweden 1 Harry Källström
9%
Finland 1 Pentti Airikkala
9%
Austria 1 Sepp Haider
9%
France 1 Alain Ambrosino
8%
France 1 Bernard Béguin
8%
Italy 1 Fulvio Bacchelli
8%
France 1 Patrick Tauziac
8%
Italy 1 Raffaele Pinto
7%
Sweden 1 Anders Kulltäng
3%
No matching quizzes found
Score Distribution
Percent of People with Each Score
Percentile by Number Answered
Your Score History
You have not taken this quiz since the last reset